01278nam a2200277Ia 450000500170000000800410001702000180005808200180007610000290009424500840012325000220020730000740022949000100030350000250031350000330033852002960037152100500066760000660071765000270078370000350081026400320084533600270087733700330090433800280093704000350096520220317001600.0161108s2008 s ao g 000 0 s  a978843423278504a932.014bP13t1 aPagès Campamà, Oriol10aTutankamónctexto:Pagès Campamà, Oriol ; ilustraciones: Christian Inaraja aPrimera edición a64 páginasbilustraciones, fotografías a colorc27 cme1 plegable aYo... aIncluye cronología aIncluye plegable y separador a"Yo... Tutankamón es un volumen de una original colección de autobiografías en la que personajes de relieve universal comparten sus vivencias con los jóvenes lectores. Su vida, sus valores y su época se recrean especialmente a través de atractivas ilustraciones y fotografías." aRecomendado para niños a partir de 9 años14aTutankamóncRey de EgiptodSiglo XIV a.C.vAutobiografías142LEMBaFaraoneszEgipto1 aInaraja, Christianeilustrador aBarcelonabParramónc2008 atextobtxt2rdacontent asin mediaciónbn2rdamedia avolumenbnc2rdacarrier aCO-BoRNBPbspaerdacCO-BoRNBP